Footballer Name Abbreviations - Statistics

General Stats
  • This quiz has been taken 20 times
  • The average score is 8 of 15
Answer Stats
Hint Answer % Correct
CR7 Cristiano Ronaldo
100%
R9 Ronaldo
100%
ZZ Zinedine Zidane
100%
KDB Kevin De Bruyne
89%
VVD Virgil Van Dijk
89%
TH14 Thierry Henry
74%
TAA Trent Alexander-Arnold
74%
DCL Dominic Calvert-Lewin
42%
AWB Aaron Wan-Bissaka
37%
DDG David De Gea
32%
CHO Callum Hudson-Odoi
21%
JWP James Ward-Prowse
21%
PEA Pierre-Emerick Aubameyang
21%
AMN Ainsley Maitland-Niles
16%
ESR Emile Smith-Rowe
16%
No matching quizzes found
Score Distribution
Percent of People with Each Score
Percentile by Number Answered
Your Score History
You have not taken this quiz